<?xml version="1.0" encoding="UTF-8"?>
<collection xmlns:xsi="http://www.w3.org/2001/XMLSchema-instance" xsi:schemaLocation="http://www.loc.gov/MARC21/slim http://www.loc.gov/standards/marcxml/schema/MARC21slim.xsd" xmlns="http://www.loc.gov/MARC21/slim">
 <record>
  <leader>00000nam a2200000 i 4500</leader>
  <controlfield tag="001">UP-1686042739784947694</controlfield>
  <controlfield tag="003">Buklod</controlfield>
  <controlfield tag="005">20240830152533.0</controlfield>
  <controlfield tag="006">aa    rbi   0|1 0|</controlfield>
  <controlfield tag="007">ta</controlfield>
  <controlfield tag="008">240506t20222022enka    rbi b 001 0|eng  </controlfield>
  <datafield tag="020" ind1=" " ind2=" ">
   <subfield code="z">9780367742027</subfield>
   <subfield code="a">(Paperback)</subfield>
  </datafield>
  <datafield tag="035" ind1=" " ind2=" ">
   <subfield code="a">22436236</subfield>
  </datafield>
  <datafield tag="037" ind1=" " ind2=" ">
   <subfield code="a">MC-27407</subfield>
   <subfield code="b">Linar</subfield>
   <subfield code="c">Php 2,904.00</subfield>
  </datafield>
  <datafield tag="040" ind1=" " ind2=" ">
   <subfield code="a">DLC</subfield>
   <subfield code="b">eng</subfield>
   <subfield code="e">rda</subfield>
   <subfield code="d">DMC</subfield>
  </datafield>
  <datafield tag="041" ind1="0" ind2=" ">
   <subfield code="a">eng</subfield>
  </datafield>
  <datafield tag="090" ind1="0" ind2="0">
   <subfield code="a">LC189</subfield>
   <subfield code="b">S6695 2022</subfield>
  </datafield>
  <datafield tag="245" ind1="0" ind2="0">
   <subfield code="a">Social theory and education research</subfield>
   <subfield code="b">understanding Foucault, Habermas, Bourdieu and Derrida</subfield>
   <subfield code="c">edited by Mark Murphy.</subfield>
  </datafield>
  <datafield tag="250" ind1=" " ind2=" ">
   <subfield code="a">2nd edition.</subfield>
  </datafield>
  <datafield tag="264" ind1=" " ind2="1">
   <subfield code="a">London</subfield>
   <subfield code="a">New York</subfield>
   <subfield code="b">Routledge, Taylor &amp; Francis Group</subfield>
   <subfield code="c">©2022.</subfield>
  </datafield>
  <datafield tag="336" ind1=" " ind2=" ">
   <subfield code="a">text</subfield>
   <subfield code="b">txt</subfield>
   <subfield code="2">rdacontent</subfield>
  </datafield>
  <datafield tag="337" ind1=" " ind2=" ">
   <subfield code="a">unmediated</subfield>
   <subfield code="2">rdamedia</subfield>
  </datafield>
  <datafield tag="338" ind1=" " ind2=" ">
   <subfield code="a">volume</subfield>
   <subfield code="2">rdacarrier</subfield>
   <subfield code="b">nc</subfield>
  </datafield>
  <datafield tag="500" ind1=" " ind2=" ">
   <subfield code="a">1st edition: 2013.</subfield>
  </datafield>
  <datafield tag="504" ind1=" " ind2=" ">
   <subfield code="a">Includes bibliographical references and index (272-276).</subfield>
  </datafield>
  <datafield tag="520" ind1=" " ind2=" ">
   <subfield code="a">&quot;Social Theory and Education Research is an advanced and accessible text that illustrates the diverse ways in which social theories can be applied to educational research methodologies. It provides in-depth overviews of the various theories by well-known and much-debated thinkers - Michel Foucault, Jürgen Habermas, Pierre Bourdieu and Jacques Derrida, and their applications in educational research. Updated throughout and with new extended introductions to each theorist and a new chapter on the application of socio-theoretical concepts in education research methodologies and the how-to of research practice, this second edition assists education practitioners and researchers in their acquisition and application of social theory. This book contextualizes the various theories within the broader context of social philosophy and the historical development of different forms of thought. Social Theory and Educational Research will be incredibly useful to post-graduate students and early career researchers who wish to develop their capacity to engage with these debates at an advanced level. It will also prove of great interest to anyone involved in education policy and theory&quot;--</subfield>
   <subfield code="c">Provided by publisher.</subfield>
  </datafield>
  <datafield tag="588" ind1=" " ind2=" ">
   <subfield code="a">Description based on print version record.</subfield>
  </datafield>
  <datafield tag="600" ind1="1" ind2="0">
   <subfield code="a">Derrida, Jacques</subfield>
   <subfield code="x">Political and social views.</subfield>
  </datafield>
  <datafield tag="600" ind1="1" ind2="0">
   <subfield code="a">Habermas, Jürgen</subfield>
   <subfield code="x">Political and social views.</subfield>
  </datafield>
  <datafield tag="600" ind1="1" ind2="0">
   <subfield code="a">Bourdieu, Pierre</subfield>
   <subfield code="d">1930-2002</subfield>
   <subfield code="x">Political and social views.</subfield>
  </datafield>
  <datafield tag="600" ind1="1" ind2="0">
   <subfield code="a">Foucault, Michel</subfield>
   <subfield code="d">1926-1984</subfield>
   <subfield code="x">Political and social views.</subfield>
  </datafield>
  <datafield tag="650" ind1=" " ind2="0">
   <subfield code="a">Educational sociology.</subfield>
  </datafield>
  <datafield tag="700" ind1="1" ind2=" ">
   <subfield code="a">Murphy, Mark</subfield>
   <subfield code="d">1969 June 17-</subfield>
   <subfield code="e">editor of compilation.</subfield>
  </datafield>
  <datafield tag="700" ind1="1" ind2="2">
   <subfield code="a">Allan, Julie</subfield>
   <subfield code="q">(Julie E.)</subfield>
   <subfield code="t">Foucault and his acolytes.</subfield>
  </datafield>
  <datafield tag="776" ind1="0" ind2="8">
   <subfield code="i">Print version</subfield>
   <subfield code="t">Social theory and education research</subfield>
   <subfield code="b">Second Edition.</subfield>
   <subfield code="d">New York : Routledge, 2022</subfield>
   <subfield code="z">9780367742010</subfield>
   <subfield code="w">(DLC) 2021048243.</subfield>
  </datafield>
  <datafield tag="905" ind1=" " ind2=" ">
   <subfield code="a">FO</subfield>
  </datafield>
  <datafield tag="852" ind1="0" ind2=" ">
   <subfield code="a">UPD</subfield>
   <subfield code="b">DMC</subfield>
   <subfield code="h">LC189</subfield>
   <subfield code="i">S6695 2022</subfield>
  </datafield>
  <datafield tag="942" ind1=" " ind2=" ">
   <subfield code="a">Book</subfield>
  </datafield>
 </record>
</collection>
